[Event "53rd POL-ch"]
[Site "Brzeg Dolny POL"]
[Date "1996.03.??"]
[Round "7"]
[White "Socko, Bartosz"]
[Black "Pedzich, Dominik"]
[Result "1/2-1/2"]
[WhiteElo "2455"]
[BlackElo "2425"]
[EventDate "1996.03.09"]
[PlyCount "85"]

1.e4 e5 2.Nf3 Nc6 3.Bb5 d6 4.c4 Bd7 5.O-O Nf6 6.d4 exd4 7.Nxd4 Be7 8.Nc3 
O-O 9.Nxc6 bxc6 10.Ba4 Re8 11.f3 h6 12.Be3 c5 13.Bc2 Bc6 14.Qd3 Bf8 15.
Rad1 g6 16.h3 Bg7 17.b3 Qb8 18.g4 Qc8 19.Qd2 Kh7 20.Ne2 Qe6 21.Ng3 Qe7 22.
h4 Nd7 23.h5 Ne5 24.Kg2 g5 25.Nf5 Qe6 26.Kg3 Bf6 27.Kh3 Rg8 28.Qa5 Bd8 29.
Bc1 Rb8 30.Rf2 Qc8 31.Bb2 Bf6 32.Ba1 Re8 33.a3 Bd7 34.Ne3 Be6 35.Nd5 Bxd5 
36.exd5+ Kg7 37.Bf5 Qd8 38.Bc2 Nd7 39.Bxf6+ Nxf6 40.Re1 Rxe1 41.Qxe1 Qd7 
42.Bf5 Re8 43.Re2 1/2-1/2

[Event "53rd POL-ch"]
[Site "Brzeg Dolny POL"]
[Date "1996.03.??"]
[Round "8"]
[White "Czerwonski, Aleksander"]
[Black "Socko, Bartosz"]
[Result "1/2-1/2"]
[WhiteElo "2400"]
[BlackElo "2455"]
[EventDate "1996.03.09"]
[PlyCount "94"]

1.d4 Nf6 2.c4 g6 3.Nc3 Bg7 4.e4 d6 5.f3 O-O 6.Bg5 h6 7.Be3 e5 8.d5 Nh5 9.
Qd2 f5 10.Bxh6 Qh4+ 11.Kd1 Ng3 12.Bxg7 Kxg7 13.Qf2 Rh8 14.hxg3 Qxh1 15.Kc2
Na6 16.a3 fxe4 17.Nxe4 Bf5 18.b4 Raf8 19.Re1 Nb8 20.Kb3 Bxe4 21.Rxe4 Nd7 
22.Re1 a5 23.Ne2 axb4 24.axb4 Ra8 25.Nc3 Qh5 26.Bd3 Qg5 27.f4 Rhf8 28.Ne4 
Qg4 29.Rf1 b5 30.cxb5 Qf5 31.Qc2 exf4 32.gxf4 Qxd5+ 33.Bc4 Qd4 34.Ng5 Qe3+
35.Qc3+ Qxc3+ 36.Kxc3 Rh8 37.Ne6+ Kf6 38.Nxc7 Ra3+ 39.Kb2 Rg3 40.Bd5 Nb6 
41.Bf3 Nc4+ 42.Kc1 Rc8 43.Nd5+ Kg7 44.Re1 Ne5+ 45.Kd2 Rxf3 46.fxe5 Rf2+ 
47.Kd3 dxe5 1/2-1/2

[Event "53rd POL-ch"]
[Site "Brzeg Dolny POL"]
[Date "1996.03.??"]
[Round "8"]
[White "Gdanski, Jacek"]
[Black "Grabarczyk, Bogdan"]
[Result "1/2-1/2"]
[WhiteElo "2480"]
[BlackElo "2420"]
[EventDate "1996.03.09"]
[PlyCount "38"]

1.e4 e5 2.Nf3 Nc6 3.Bb5 Nf6 4.O-O Bc5 5.Nxe5 Nxe5 6.d4 a6 7.Be2 Nxe4 8.
dxc5 Nxc5 9.Qd4 d6 10.f4 Ng6 11.Qxg7 Bf5 12.Qd4 Qe7 13.Nc3 O-O-O 14.Bd2 d5
15.Rae1 Ne6 16.Qa7 Qc5+ 17.Qxc5 Nxc5 18.Bf3 Ne4 19.Bxe4 dxe4 1/2-1/2

[Event "53rd POL-ch"]
[Site "Brzeg Dolny POL"]
[Date "1996.03.??"]
[Round "8"]
[White "Grabarczyk, Miroslaw"]
[Black "Markowski, Tomasz"]
[Result "1-0"]
[WhiteElo "2505"]
[BlackElo "2535"]
[EventDate "1996.03.09"]
[PlyCount "137"]

1.d4 Nf6 2.c4 g6 3.Nf3 Bg7 4.Nc3 O-O 5.g3 d6 6.Bg2 Nc6 7.O-O Rb8 8.b3 a6 
9.e3 Bd7 10.Bb2 b5 11.Nd2 e5 12.d5 Ne7 13.Rc1 h5 14.Qe2 Nh7 15.e4 Qe8 16.
c5 dxc5 17.Nd1 c6 18.Rxc5 cxd5 19.exd5 Nf5 20.Re1 Qe7 21.Rc1 Rfe8 22.Ne4 
Nd6 23.Nc5 Bg4 24.Qd2 Qa7 25.Ne3 Bh6 26.Qa5 Ra8 27.Nd3 e4 28.Ne5 Bg7 29.
Qb4 Bxe5 30.Bxe5 Rxe5 31.Qxd6 Rae8 32.Rc7 Qd4 33.Qxa6 Ng5 34.h4 Qd2 35.
Rec1 Nf3+ 36.Bxf3 exf3 37.Qf6 Rf5 38.Qc3 Rxd5 39.Nxd5 Qxd5 40.Qf6 b4 41.
Re7 Rxe7 42.Qxe7 Qd2 43.Qc5 Qxa2 44.Qxb4 Be6 45.Qb8+ Kh7 46.b4 Qe2 47.Qf4 
Bd5 48.Qd4 Qe6 49.Kh2 Bb7 50.Qf4 Bd5 51.Qd2 Bb7 52.Qc3 Qe2 53.Qc2 Qe6 54.
b5 Qg4 55.Qc4 Qf5 56.Qf4 Qe6 57.b6 Bd5 58.Qe3 Qg4 59.Qg5 Qd4 60.Qe3 Qg4 
61.Qf4 Qe6 62.Qd4 Bb7 63.Rc7 Bc8 64.Rxc8 Qxc8 65.Qd5 Qc3 66.Qxf7+ Kh6 67.
b7 Qb2 68.Qxf3 Qxb7 69.Qxb7 1-0

[Event "53rd POL-ch"]
[Site "Brzeg Dolny POL"]
[Date "1996.03.??"]
[Round "8"]
[White "Kuczynski, Robert"]
[Black "Matlak, Marek"]
[Result "1/2-1/2"]
[WhiteElo "2495"]
[BlackElo "2450"]
[EventDate "1996.03.09"]
[PlyCount "25"]

1.e4 e6 2.d4 d5 3.Nc3 Bb4 4.e5 c5 5.a3 Bxc3+ 6.bxc3 Nc6 7.Nf3 Bd7 8.Bd3 
Qa5 9.Bd2 c4 10.Be2 f6 11.O-O O-O-O 12.Qc1 Nge7 13.Re1 1/2-1/2

[Event "53rd POL-ch"]
[Site "Brzeg Dolny POL"]
[Date "1996.03.??"]
[Round "8"]
[White "Oliwa, Marek"]
[Black "Urban, Klaudiusz"]
[Result "1/2-1/2"]
[WhiteElo "2440"]
[BlackElo "2440"]
[EventDate "1996.03.09"]
[PlyCount "85"]

1.d4 g6 2.c4 Nf6 3.Bg5 Bg7 4.Nc3 h6 5.Bh4 O-O 6.e3 c5 7.d5 Qa5 8.Qd2 d6 9.
Nf3 a6 10.Be2 b5 11.cxb5 axb5 12.Bxb5 Ba6 13.Bxa6 Qxa6 14.Qe2 Nbd7 15.Qxa6
Rxa6 16.O-O-O Nb6 17.Rd2 g5 18.Bg3 Rb8 19.Rhd1 Nfd7 20.Rc2 Nc4 21.Nd2 Nxb2
22.Rxb2 Bxc3 23.Rxb8+ Nxb8 24.Ne4 Bg7 25.Nxc5 Rxa2 26.Nd3 f5 27.Nb4 Ra4 
28.Nc2 Nd7 29.f3 Ra2 30.Be1 Nc5 31.Kd2 Rb2 32.Bf2 Nb3+ 33.Kd3 Nc5+ 34.Kd2 
Na4 35.e4 fxe4 36.fxe4 Nc3 37.Re1 Nb1+ 38.Kd3 Rb3+ 39.Ke2 Nc3+ 40.Kd2 Nb1+
41.Ke2 Bc3 42.Rd1 Be5 43.Bd4 1/2-1/2

[Event "53rd POL-ch"]
[Site "Brzeg Dolny POL"]
[Date "1996.03.??"]
[Round "9"]
[White "Bobras, Piotr"]
[Black "Grabarczyk, Miroslaw"]
[Result "1/2-1/2"]
[WhiteElo "2355"]
[BlackElo "2505"]
[EventDate "1996.03.09"]
[PlyCount "28"]

1.e4 e5 2.Nf3 Nc6 3.Bb5 Nf6 4.O-O Bc5 5.c3 O-O 6.d4 Bb6 7.Bg5 h6 8.Bh4 d6 
9.a4 a5 10.Qd3 exd4 11.Bxc6 bxc6 12.Nxd4 Ba6 13.c4 Bxd4 14.Qxd4 c5 1/2-1/2

[Event "53rd POL-ch"]
[Site "Brzeg Dolny POL"]
[Date "1996.03.??"]
[Round "10"]
[White "Czerwonski, Aleksander"]
[Black "Urban, Klaudiusz"]
[Result "0-1"]
[WhiteElo "2400"]
[BlackElo "2440"]
[EventDate "1996.03.09"]
[PlyCount "140"]

1.d4 Nf6 2.c4 g6 3.Nc3 Bg7 4.e4 d6 5.f3 O-O 6.Be3 a6 7.Qd2 Nbd7 8.Nge2 c5 
9.d5 b5 10.cxb5 Qa5 11.Nc1 Ne5 12.Be2 e6 13.O-O axb5 14.Nxb5 Qxd2 15.Bxd2 
exd5 16.Nxd6 Be6 17.f4 Nc6 18.f5 gxf5 19.exf5 Bd7 20.Nb3 c4 21.Nc5 Rfb8 
22.Bf3 Nd4 23.Bc3 Nxf3+ 24.Rxf3 Bc6 25.Rg3 Kf8 26.Re1 Bh8 27.a3 Ra7 28.Bb4
Re7 29.Rxe7 Kxe7 30.Ndb7 Bxb7 31.Nxb7+ Kd7 32.Nc5+ Kc6 33.Kf1 Re8 34.b3 h5
35.bxc4 dxc4 36.Na4 Ng4 37.Rh3 Bd4 38.Rxh5 Ne3+ 39.Ke2 Nxg2+ 40.Kd2 Nf4 
41.Rh4 Kb5 42.Nc3+ Bxc3+ 43.Bxc3 Re2+ 44.Kd1 Rf2 45.Bd2 Nd5 46.Re4 Rxh2 
47.f6 Rf2 48.Re5 Kc6 49.Bg5 Kd6 50.Re8 Rg2 51.Bh4 Rg4 52.Rd8+ Ke6 53.Rh8 
Ne3+ 54.Kd2 Nd5 55.Re8+ Kd7 56.Rh8 Rg2+ 57.Kc1 Rh2 58.Rh7 Ke6 59.Rh8 Kf5 
60.Rd8 Nf4 61.Rd7 Rxh4 62.Rxf7 Nd5 63.Rf8 Nxf6 64.a4 Ke5 65.a5 Rh2 66.a6 
Ra2 67.Ra8 Nd5 68.Kb1 Nc3+ 69.Kc1 Nb5 70.Kb1 Ra5 0-1

[Event "53rd POL-ch"]
[Site "Brzeg Dolny POL"]
[Date "1996.03.??"]
[Round "10"]
[White "Gdanski, Jacek"]
[Black "Socko, Bartosz"]
[Result "1/2-1/2"]
[WhiteElo "2480"]
[BlackElo "2455"]
[EventDate "1996.03.09"]
[PlyCount "110"]

1.e4 e6 2.d4 d5 3.Nc3 Bb4 4.exd5 exd5 5.Bd3 Ne7 6.Qh5 c5 7.dxc5 Nd7 8.Ne2 
Nxc5 9.Bb5+ Bd7 10.O-O O-O 11.Bxd7 Qxd7 12.Bg5 Bxc3 13.Bxe7 Qxe7 14.Nxc3 
d4 15.Rae1 Ne6 16.Nd5 Qd6 17.Qe5 Qc5 18.Qf5 Qd6 19.Re5 Rac8 20.Rfe1 Rc5 
21.g3 Rd8 22.Nf4 g6 23.Qf6 Rxe5 24.Rxe5 Nxf4 25.Qxf4 Kg7 26.Qe4 Rd7 27.Re8
a6 28.h4 Qd5 29.Qf4 Qd6 30.Qe4 Qd5 31.a4 Qxe4 32.Rxe4 d3 33.cxd3 Rxd3 34.
Rb4 Rd7 35.Rb6 h5 36.Kg2 Re7 37.Kf3 Kf8 38.Kf4 Kg7 39.f3 f6 40.g4 Rd7 41.
gxh5 gxh5 42.Kf5 Rd5+ 43.Ke4 Re5+ 44.Kd4 Re7 45.b4 Kg6 46.b5 axb5 47.Rxb5 
Re1 48.Kc5 Re3 49.Rxb7 Rxf3 50.Rb4 f5 51.a5 f4 52.Ra4 Kf5 53.a6 Rc3+ 54.
Kd4 Rc8 55.a7 Ra8 1/2-1/2

[Event "53rd POL-ch"]
[Site "Brzeg Dolny POL"]
[Date "1996.03.??"]
[Round "10"]
[White "Kuczynski, Robert"]
[Black "Kempinski, Robert"]
[Result "1-0"]
[WhiteElo "2495"]
[BlackElo "2475"]
[EventDate "1996.03.09"]
[PlyCount "69"]

1.e4 c5 2.Nf3 d6 3.d4 cxd4 4.Nxd4 Nf6 5.Nc3 a6 6.Be2 e6 7.O-O Be7 8.f4 O-O
9.Kh1 Qc7 10.Qe1 Nc6 11.Be3 Nxd4 12.Bxd4 b5 13.a3 Bb7 14.Qg3 Rad8 15.Rae1 
Ne8 16.Bd3 Bf6 17.Bxf6 Nxf6 18.e5 dxe5 19.fxe5 Nd7 20.Re3 h6 21.b4 Nb6 22.
Rf6 Rfe8 23.h3 Qxc3 24.Rxf7 Qa1+ 25.Rf1 Qxf1+ 26.Bxf1 Rd1 27.Re1 Rd2 28.
Re2 Rd1 29.Rf2 Nc4 30.Kh2 Rf8 31.Rxf8+ Kxf8 32.Bxc4 bxc4 33.Qg4 Re1 34.
Qxc4 Bd5 35.Qxa6 1-0

[Event "53rd POL-ch"]
[Site "Brzeg Dolny POL"]
[Date "1996.03.??"]
[Round "11"]
[White "Bobras, Piotr"]
[Black "Pedzich, Dominik"]
[Result "0-1"]
[WhiteElo "2355"]
[BlackElo "2425"]
[EventDate "1996.03.09"]
[PlyCount "60"]

1.e4 c5 2.Nf3 e6 3.d4 cxd4 4.Nxd4 Nf6 5.Nc3 d6 6.Be2 a6 7.O-O Be7 8.f4 Qc7
9.g4 h6 10.g5 hxg5 11.fxg5 d5 12.e5 Nfd7 13.g6 Nxe5 14.gxf7+ Nxf7 15.Bh5 
Bf6 16.Bf4 Qc4 17.Be3 Nc6 18.Rf4 Nxd4 19.Bxd4 Bxd4+ 20.Rxd4 Qc7 21.Qe2 O-O
22.Rf1 Qc5 23.Qe3 Nh6 24.Rxf8+ Qxf8 25.Bg6 Qf6 26.Bd3 Nf5 27.Bxf5 Qxf5 28.
Rf4 Qg6+ 29.Kh1 Bd7 30.Qb6 Bc6 0-1

[Event "53rd POL-ch"]
[Site "Brzeg Dolny POL"]
[Date "1996.03.??"]
[Round "11"]
[White "Kaminski, Marcin"]
[Black "Oliwa, Marek"]
[Result "1-0"]
[WhiteElo "2525"]
[BlackElo "2440"]
[EventDate "1996.03.09"]
[PlyCount "43"]

1.e4 Nf6 2.e5 Nd5 3.d4 d6 4.c4 Nb6 5.exd6 exd6 6.Nc3 g6 7.Nf3 Bg4 8.h3 
Bxf3 9.Qxf3 Bg7 10.c5 dxc5 11.dxc5 N6d7 12.Qxb7 Bxc3+ 13.bxc3 Qf6 14.Qe4+ 
Qe7 15.Bd3 Nxc5 16.Qxe7+ Kxe7 17.Ba3 Nd7 18.O-O-O Rab8 19.Bc4 Kf6 20.Rd5 
c6 21.Rxc5 Nxc5 22.Bxc5 1-0

[Event "53rd POL-ch"]
[Site "Brzeg Dolny POL"]
[Date "1996.03.??"]
[Round "11"]
[White "Kempinski, Robert"]
[Black "Gdanski, Jacek"]
[Result "1/2-1/2"]
[WhiteElo "2475"]
[BlackElo "2480"]
[EventDate "1996.03.09"]
[PlyCount "100"]

1.d4 Nf6 2.c4 c5 3.d5 d6 4.Nc3 g6 5.e4 Bg7 6.f3 O-O 7.Bg5 e6 8.Qd2 exd5 9.
cxd5 b6 10.h4 b5 11.h5 b4 12.Nd1 Re8 13.Nh3 Nbd7 14.hxg6 hxg6 15.Nhf2 Qb6 
16.Ne3 Ba6 17.Nc4 Bxc4 18.Bxc4 Ne5 19.Be2 c4 20.Bh6 Bh8 21.Be3 Qa5 22.Bd4 
Bg7 23.a3 Rab8 24.O-O c3 25.bxc3 bxa3 26.Qa2 Nh5 27.Qxa3 Qd8 28.Nh3 Qh4 
29.f4 Ng3 30.Rfe1 Nxe2+ 31.Rxe2 Nf3+ 32.gxf3 Qxh3 33.Kf2 Bxd4+ 34.cxd4 Rb6
35.f5 Reb8 36.Qc1 Qh2+ 37.Kf1 Qh1+ 38.Kf2 Qh2+ 39.Kf1 Qh3+ 40.Kf2 Rb2 41.
Qh1 Rxe2+ 42.Kxe2 Rb2+ 43.Kd3 Rh2 44.Qf1 gxf5 45.Qxh3 fxe4+ 46.fxe4 Rxh3+ 
47.Kd2 Kf8 48.Rxa7 Ke8 49.Rc7 f6 50.Rg7 Ra3 1/2-1/2

[Event "53rd POL-ch"]
[Site "Brzeg Dolny POL"]
[Date "1996.03.??"]
[Round "11"]
[White "Socko, Bartosz"]
[Black "Grabarczyk, Bogdan"]
[Result "1/2-1/2"]
[WhiteElo "2455"]
[BlackElo "2420"]
[EventDate "1996.03.09"]
[PlyCount "79"]

1.e4 c5 2.Nf3 d6 3.d4 cxd4 4.Nxd4 Nf6 5.Nc3 g6 6.Be3 Bg7 7.f3 Nc6 8.Qd2 
O-O 9.g4 e6 10.O-O-O d5 11.Be2 Bd7 12.g5 Nh5 13.exd5 Nxd4 14.Bxd4 Bxd4 15.
Qxd4 Qxg5+ 16.Kb1 exd5 17.Rhg1 Qf4 18.Nxd5 Qxd4 19.Rxd4 Rae8 20.Bd1 Kh8 
21.f4 Bc6 22.Bxh5 gxh5 23.c4 h4 24.Kc1 Re2 25.f5 Rxh2 26.Nf6 h6 27.Rdg4 
Rh1 28.Rxh1 Bxh1 29.Rxh4 Bf3 30.Rh3 Be2 31.b3 Kg7 32.Nd5 Bg4 33.Rg3 h5 34.
Ne3 Kf6 35.Nxg4+ hxg4 36.Rxg4 Kxf5 37.Rd4 Ke6 38.Re4+ Kd6 39.Rd4+ Kc6 40.
Kd2 1/2-1/2

[Event "53rd POL-ch"]
[Site "Brzeg Dolny POL"]
[Date "1996.03.??"]
[Round "11"]
[White "Urban, Klaudiusz"]
[Black "Kuczynski, Robert"]
[Result "1/2-1/2"]
[WhiteElo "2440"]
[BlackElo "2495"]
[EventDate "1996.03.09"]
[PlyCount "26"]

1.d4 d5 2.c4 c6 3.Nc3 Nf6 4.Nf3 e6 5.cxd5 exd5 6.Bg5 Be7 7.Qc2 g6 8.e3 Bf5
9.Bd3 Bxd3 10.Qxd3 Nbd7 11.Bh6 Bf8 12.Bg5 Be7 13.Bh6 Bf8 1/2-1/2

[Event "53rd POL-ch"]
[Site "Brzeg Dolny POL"]
[Date "1996.03.??"]
[Round "12"]
[White "Gdanski, Jacek"]
[Black "Urban, Klaudiusz"]
[Result "1/2-1/2"]
[WhiteElo "2480"]
[BlackElo "2440"]
[EventDate "1996.03.09"]
[PlyCount "101"]

1.e4 c6 2.d4 d5 3.exd5 cxd5 4.c4 Nf6 5.Nc3 g6 6.cxd5 Nxd5 7.Qb3 Nb6 8.Bb5+
Bd7 9.Nf3 Bg7 10.Ne5 O-O 11.Nxd7 N8xd7 12.Be3 Nf6 13.O-O Ng4 14.Be2 Nxe3 
15.fxe3 e5 16.Rad1 Qe7 17.d5 Rad8 18.Ne4 Nc8 19.Kh1 Kh8 20.d6 Nxd6 21.Qa3 
Nc8 22.Qxe7 Nxe7 23.Rxd8 Rxd8 24.Rxf7 Rc8 25.Kg1 Nf5 26.Kf2 Rf8 27.Ng5 Nd6
28.Rxf8+ Bxf8 29.Kf3 Be7 30.Ne4 Kg7 31.Nxd6 Bxd6 32.Ke4 Kf6 33.Kd5 Ke7 34.
g4 g5 35.h3 a5 36.Bd3 h6 37.Bf5 b6 38.e4 Bc5 39.Kxe5 Bd6+ 40.Kd5 Bc5 41.e5
Be3 42.b3 Bc1 43.Bd3 Be3 44.Ke4 Kf7 45.Kf5 Bc5 46.Bc4+ Kg7 47.Ke6 Ba3 48.
Kd7 Bc5 49.Ke8 Bd4 50.e6 Bc5 51.Bd3 1/2-1/2

[Event "53rd POL-ch"]
[Site "Brzeg Dolny POL"]
[Date "1996.03.??"]
[Round "12"]
[White "Kuczynski, Robert"]
[Black "Markowski, Tomasz"]
[Result "1/2-1/2"]
[WhiteElo "2495"]
[BlackElo "2535"]
[EventDate "1996.03.09"]
[PlyCount "140"]

1.e4 c5 2.Nf3 Nc6 3.c3 e5 4.Bb5 a6 5.Bxc6 dxc6 6.d3 Qc7 7.h3 Be7 8.O-O Nf6
9.Qe2 O-O 10.Nh2 Be6 11.f4 exf4 12.Bxf4 Qd7 13.Nf3 Rad8 14.Ne5 Qc8 15.Nd2 
Nd7 16.Nec4 b5 17.Nd6 Qa8 18.Qe3 Nb6 19.Qg3 Kh8 20.e5 f5 21.exf6 Rxf6 22.
N2e4 Rg6 23.Qh2 Nd5 24.Bg3 Ne3 25.Nf7+ Kg8 26.Nxd8 Nxf1 27.Rxf1 Qxd8 28.
Bf2 c4 29.Bc5 Bxc5+ 30.Nxc5 cxd3 31.Nxd3 Bc4 32.Ne5 Bxf1 33.Nxg6 Bc4 34.
Nf4 g5 35.Qg3 Kf8 36.b3 gxf4 37.Qxf4+ Bf7 38.Qh6+ Ke7 39.Qxc6 Qd1+ 40.Kf2 
Qd2+ 41.Kf1 Qc1+ 42.Kf2 Qc2+ 43.Kf1 Qg6 44.Qc7+ Kf8 45.Kg1 Qf6 46.Kh2 h6 
47.c4 bxc4 48.bxc4 Qe6 49.c5 Be8 50.Qf4+ Ke7 51.Qc7+ Bd7 52.a3 Qd5 53.Kh1 
Qc6 54.Qe5+ Kd8 55.Qh8+ Kc7 56.Qe5+ Kb7 57.Qc3 Ka7 58.Kh2 Bc8 59.g4 Qc7+ 
60.Kg1 Bb7 61.Qe3 Qc6 62.Kf2 Qg2+ 63.Ke1 Qe4 64.Kd2 Qxe3+ 65.Kxe3 Bg2 66.
h4 Kb7 67.g5 h5 68.Kf4 Kc6 69.g6 Kxc5 70.Kg5 Kd6 1/2-1/2

[Event "53rd POL-ch"]
[Site "Brzeg Dolny POL"]
[Date "1996.03.??"]
[Round "12"]
[White "Pedzich, Dominik"]
[Black "Kaminski, Marcin"]
[Result "1/2-1/2"]
[WhiteElo "2425"]
[BlackElo "2525"]
[EventDate "1996.03.09"]
[PlyCount "101"]

1.e4 d5 2.exd5 Nf6 3.d4 Nxd5 4.Nf3 Bf5 5.Nh4 Bc8 6.Nf3 Bf5 7.Nh4 Bc8 8.g3 
g6 9.Bg2 Bg7 10.O-O O-O 11.c3 c6 12.Na3 Nd7 13.f4 N7f6 14.f5 c5 15.c4 Nb4 
16.d5 Ne8 17.Nb5 Bd7 18.Kh1 Bxb5 19.cxb5 Nc7 20.Qb3 Nbxd5 21.Bg5 Qd6 22.
Rad1 Bd4 23.Nf3 Bg7 24.Bf4 Qb6 25.Rxd5 Nxd5 26.Qxd5 Qxb5 27.b3 Rad8 28.Qe4
Qd3 29.Qxe7 Qxf5 30.Qxb7 Qc2 31.Qa6 Rd1 32.Qc4 Qxc4 33.bxc4 Rfd8 34.Nd2 
R8xd2 35.Bxd2 Rxd2 36.Bd5 Rxa2 37.Rxf7 Kh8 38.Rc7 Bd4 39.Rc8+ Kg7 40.Rc7+ 
Kf6 41.Rf7+ Ke5 42.Re7+ Kf6 43.Rf7+ Kg5 44.Be6 h5 45.h4+ Kh6 46.Bd5 a5 47.
Ra7 a4 48.Bg8 g5 49.Bh7 gxh4 50.gxh4 Be5 51.Bd3 1/2-1/2

[Event "53rd POL-ch"]
[Site "Brzeg Dolny POL"]
[Date "1996.03.??"]
[Round "13"]
[White "Bobras, Piotr"]
[Black "Kuczynski, Robert"]
[Result "1/2-1/2"]
[WhiteElo "2355"]
[BlackElo "2495"]
[EventDate "1996.03.09"]
[PlyCount "70"]

1.e4 c5 2.Nf3 d6 3.d4 cxd4 4.Nxd4 Nf6 5.Nc3 a6 6.Be2 e5 7.Nb3 Be7 8.O-O 
Be6 9.f4 Qc7 10.f5 Bc4 11.Bxc4 Qxc4 12.Qd3 Qxd3 13.cxd3 h6 14.Na5 Nc6 15.
Nc4 Nb4 16.Rd1 Rc8 17.Ne3 d5 18.Nexd5 Nfxd5 19.Nxd5 Nxd5 20.exd5 Bc5+ 21.
Kf1 Kd7 22.Ke2 Kd6 23.Be3 Bxe3 24.Kxe3 Rc2 25.Rd2 Rhc8 26.Rf1 Kxd5 27.Rf3 
Rc1 28.Rg3 Re1+ 29.Re2 Rf1 30.Rf2 Rxf2 31.Kxf2 Rc2+ 32.Kf3 Kd4 33.Rxg7 Rc7
34.Ke2 Rc2+ 35.Kf3 Rc7 1/2-1/2

[Event "53rd POL-ch"]
[Site "Brzeg Dolny POL"]
[Date "1996.03.??"]
[Round "13"]
[White "Grabarczyk, Miroslaw"]
[Black "Oliwa, Marek"]
[Result "1-0"]
[WhiteElo "2505"]
[BlackElo "2440"]
[EventDate "1996.03.09"]
[PlyCount "61"]

1.d4 Nf6 2.c4 c5 3.d5 g6 4.Nc3 Bg7 5.e4 d6 6.h3 O-O 7.Nf3 e6 8.Bd3 exd5 9.
cxd5 b5 10.Bxb5 Nxe4 11.Nxe4 Qa5+ 12.Nfd2 Qxb5 13.Nxd6 Qa6 14.N2c4 Nd7 15.
O-O Nb6 16.Nxb6 Qxb6 17.Nxc8 Raxc8 18.Rb1 Rfd8 19.Bf4 Rd7 20.d6 Bf8 21.Qg4
Qb7 22.Rfd1 Rc6 23.Rd2 Bxd6 24.Rbd1 Qc7 25.Rd5 h5 26.Qf3 Kf8 27.Be5 Qd8 
28.b3 Qc7 29.Qd3 Ke7 30.g3 h4 31.Qe3 1-0

[Event "53rd POL-ch"]
[Site "Brzeg Dolny POL"]
[Date "1996.03.??"]
[Round "13"]
[White "Markowski, Tomasz"]
[Black "Gdanski, Jacek"]
[Result "1-0"]
[WhiteElo "2535"]
[BlackElo "2480"]
[EventDate "1996.03.09"]
[PlyCount "77"]

1.Nf3 c5 2.c4 Nc6 3.Nc3 Nf6 4.g3 g6 5.Bg2 Bg7 6.O-O O-O 7.d4 cxd4 8.Nxd4 
Nxd4 9.Qxd4 d6 10.Qd3 a6 11.Bd2 Rb8 12.Rac1 Be6 13.b3 Nd7 14.e4 b5 15.cxb5
axb5 16.Nd5 Nc5 17.Qe2 Qd7 18.b4 Bxd5 19.exd5 Na4 20.Rc6 Rb7 21.h4 Ra8 22.
Kh2 Nb2 23.Bh3 f5 24.Rfc1 h5 25.Bg2 Kh7 26.Bg5 Nc4 27.Rc2 Ra4 28.Qe6 Rba7 
29.Rc8 Qxe6 30.dxe6 Ne5 31.R8c7 Ng4+ 32.Kg1 Bd4 33.Bxe7 Bxf2+ 34.Kh1 Rxc7 
35.Rxc7 Bb6 36.Rb7 Ra7 37.Rxa7 Bxa7 38.Bc6 Kg7 39.Bg5 1-0

[Event "53rd POL-ch"]
[Site "Brzeg Dolny POL"]
[Date "1996.03.??"]
[Round "13"]
[White "Urban, Klaudiusz"]
[Black "Grabarczyk, Bogdan"]
[Result "1/2-1/2"]
[WhiteElo "2440"]
[BlackElo "2420"]
[EventDate "1996.03.09"]
[PlyCount "24"]

1.d4 f5 2.g3 Nf6 3.Bg2 d6 4.Nf3 g6 5.c3 Bg7 6.Qb3 e6 7.O-O O-O 8.Nbd2 Nc6 
9.Ne1 Kh8 10.Nd3 Qe7 11.e4 fxe4 12.Nxe4 Nxe4 1/2-1/2

[Event "53rd POL-ch"]
[Site "Brzeg Dolny POL"]
[Date "1996.03.??"]
[Round "14"]
[White "Kuczynski, Robert"]
[Black "Kaminski, Marcin"]
[Result "1/2-1/2"]
[WhiteElo "2495"]
[BlackElo "2525"]
[EventDate "1996.03.09"]
[PlyCount "24"]

1.e4 e6 2.d4 d5 3.Nc3 dxe4 4.Nxe4 Be7 5.Nf3 Nd7 6.Bd3 Ngf6 7.Nxf6+ Bxf6 8.
O-O c5 9.dxc5 Nxc5 10.Bb5+ Bd7 11.Qe2 O-O 12.Be3 Rc8 1/2-1/2

[Event "53rd POL-ch"]
[Site "Brzeg Dolny POL"]
[Date "1996.03.??"]
[Round "14"]
[White "Matlak, Marek"]
[Black "Urban, Klaudiusz"]
[Result "0-1"]
[WhiteElo "2450"]
[BlackElo "2440"]
[EventDate "1996.03.09"]
[PlyCount "94"]

1.d4 Nf6 2.Nf3 g6 3.g3 Bg7 4.Bg2 O-O 5.O-O c5 6.c4 d6 7.Nc3 Nc6 8.d5 Na5 
9.Nd2 e6 10.Qc2 exd5 11.cxd5 Bf5 12.e4 Bd7 13.b3 b5 14.Bb2 Rc8 15.Rfe1 Re8
16.Rad1 Qb6 17.h3 Nb7 18.Nf3 b4 19.Nb1 c4 20.bxc4 Nc5 21.Nbd2 Ba4 22.Nb3 
Ncxe4 23.Bd4 Qc7 24.Qb2 Nc3 25.Bxc3 bxc3 26.Qxc3 Nxd5 27.Rxe8+ Bxe8 28.Qd3
Nc3 29.Rd2 a5 30.Qxd6 Qxd6 31.Rxd6 a4 32.Nbd4 Nxa2 33.Ra6 Nb4 34.Rxa4 Rxc4
35.Ra8 Kf8 36.Nb5 Rc1+ 37.Kh2 Ke7 38.Nfd4 Bxd4 39.Nxd4 Rc4 40.Nf3 f6 41.
Ra7+ Bd7 42.g4 Nc2 43.Bf1 Rc5 44.Bd3 Nb4 45.Be4 Kd6 46.Rb7 Rc4 47.Nd2 Rd4 
0-1

[Event "53rd POL-ch"]
[Site "Brzeg Dolny POL"]
[Date "1996.03.??"]
[Round "14"]
[White "Pedzich, Dominik"]
[Black "Grabarczyk, Miroslaw"]
[Result "1/2-1/2"]
[WhiteElo "2425"]
[BlackElo "2505"]
[EventDate "1996.03.09"]
[PlyCount "109"]

1.e4 e5 2.Nf3 Nc6 3.Nc3 Nf6 4.Bb5 d6 5.d4 exd4 6.Nxd4 Bd7 7.O-O Be7 8.Re1 
Nxd4 9.Qxd4 O-O 10.Bf1 Bc6 11.Bg5 Re8 12.Rad1 h6 13.Bh4 Nd7 14.Bxe7 Qxe7 
15.b4 a6 16.a4 Nb6 17.a5 Nd7 18.Nd5 Bxd5 19.Qxd5 Rab8 20.e5 c6 21.Qxd6 
Nxe5 22.Qxe7 Rxe7 23.f4 Ng6 24.Rxe7 Nxe7 25.Bc4 Kf8 26.Kf2 Ke8 27.Kf3 Rc8 
28.Ke4 Nd5 29.Bxd5 cxd5+ 30.Rxd5 Rxc2 31.Kf3 Rc3+ 32.Ke4 Rc2 33.Rd6 Rc4+ 
34.Rd4 Rc2 35.Kf3 Ke7 36.f5 Rb2 37.h3 h5 38.g3 Rb3+ 39.Kf4 f6 40.h4 Rb1 
41.Ke4 Re1+ 42.Kf4 Rb1 43.Kf3 Rb3+ 44.Kf2 Ke8 45.Kg2 Kf8 46.Rc4 Ke8 47.Rd4
Ke7 48.Kf2 Rc3 49.Rd5 Ra3 50.Rd2 Rc3 51.Rd5 Rb3 52.Rd4 Ke8 53.Kg2 Kf8 54.
Rc4 Ke8 55.Rd4 1/2-1/2